Statistics for Splatoon Family Names

Click here to take the quiz!

General Stats

  • This quiz has been taken 10 times
  • The average score is 7 of 9

Answer Stats

HintAnswer% Correct
Marina ___Ida
100%
Callie __________Cuttlefish
86%
Marie __________Cuttlefish
86%
Craig __________Cuttlefish
86%
Frye _____Onaga
86%
Shiver ________Hohojiro
71%
Big ManManta
71%
Big DadManta
71%
Pearl ______Hozuki
57%

Score Distribution

Percentile by Number Answered

Percent of People with Each Score

Your Score History

You have not taken this quiz